Statystyki dla Wszystkie dzielnice Gdańska na mapie

Kliknij tutaj aby rozwiązać quiz!

Ogólne statystyki

  • Ten quiz został rozwiązany 1 255 razy
  • Średni wynik to 20 z 35

Odpowiedzi na mapie

Odpowiedzi skodowane kolorowo w zielono-czerwonej skali na mapie do tego quizu, zgodnie z poniższymi procentami.
 

Statystyki odpowiedzi

Dzielnica% Poprawnych
Oliwa
86%
Śródmieście
85%
Żabianka-Wejhera-Jelitkowo-Tysiąclecia
80%
Brzeźno
75%
Wrzeszcz Dolny
73%
Nowy Port
72%
Wrzeszcz Górny
72%
Orunia Górna-Gdańsk Południe
70%
Stogi
68%
Wyspa Sobieszewska
66%
Chełm
65%
Osowa
65%
Aniołki
63%
Ujeścisko-Łostowice
62%
Przymorze Wielkie
59%
Przymorze Małe
58%
Jasień
57%
Matarnia
56%
Piecki-Migowo
56%
Brętowo
52%
Strzyża
51%
Przeróbka
50%
Siedlce
50%
Letnica
49%
Zaspa-Rozstaje
49%
Orunia-Św. Wojciech-Lipce
47%
Kokoszki
46%
Krakowiec-Górki Zachodnie
44%
VII Dwór
44%
Zaspa-Młyniec
44%
Suchanino
43%
Olszynka
41%
Wzgórze Mickiewicza
39%
Rudniki
38%
Młyniska
30%

Rozkład punktacji

Percentyl według liczby udzielonych odpowiedzi

Procent ludzi z każdym wynikiem

Twoja historia wyników

Nie rozwiązałeś tego quizu